logo

Bir Sreshtho Munshi Abdur Rouf Library
Jhenaidah Cadet College

King Arthur and his knights / (Record no. 7443)

MARC details
000 -LEADER
fixed length control field 00827cam a2200289 a 4500
001 - CONTROL NUMBER
JCCL Control Number 7443
003 - CONTROL NUMBER IDENTIFIER
JCCL marc code BD-JhCC
005 - DATE AND TIME OF LATEST TRANSACTION
control field 20180210120704.0
008 - FIXED-LENGTH DATA ELEMENTS--GENERAL INFORMATION
fixed length control field 860520r19771971enk | |||| ||eng||
020 ## - INTERNATIONAL STANDARD BOOK NUMBER
International Standard Book Number 0195800818
035 ## - SYSTEM CONTROL NUMBER
system control number (BD-JhCC)7443
035 ## - SYSTEM CONTROL NUMBER
system control number 587728
040 ## - CATALOGING SOURCE
Original cataloging agency BD-JhCC
Modifying agency BD-JhCC
041 ## - LANGUAGE CODE
Language code of Book eng
082 ## - DEWEY DECIMAL CLASSIFICATION NUMBER
Author mark and Year STO 1971
100 1# - MAIN ENTRY--PERSONAL NAME
Personal name Storer, Ronald D. K.
Fuller form of name (Ronald Derek Kirkly),
Dates associated with a name 1923-
245 10 - TITLE STATEMENT
Title King Arthur and his knights /
Statement of responsibility, etc retold by Ronald D.K. Storer ; illustrated by William Stobbs.
250 ## - EDITION STATEMENT
Edition statement Colour ed.
260 ## - PUBLICATION, DISTRIBUTION, ETC. (IMPRINT)
Place of publication, distribution, etc Kuala Lumpur ;
-- Oxford :
Name of publisher, distributor, etc Oxford University Press,
Date of publication, distribution, etc 1977.
300 ## - PHYSICAL DESCRIPTION
Pagination 79p ;
Dimensions 18cm.
490 0# - SERIES STATEMENT
Series statement Oxford English picture readers.
490 1# - SERIES STATEMENT
Series statement Oxford in Asia
700 1# - ADDED ENTRY--PERSONAL NAME
Personal name Stobbs, William.
830 #0 - SERIES ADDED ENTRY--UNIFORM TITLE
Uniform title Oxford in Asia.
942 ## - ADDED ENTRY ELEMENTS (KOHA)
Source of classification or shelving scheme Dewey Decimal Classification
Koha item type Books
Holdings
Source of classification or shelving scheme Damaged status Not for loan Home library Current library Shelving location Total Checkouts Full call number Barcode Date last seen Copy number Koha item type
Dewey Decimal Classification     JCC Rouf Library JCC Rouf Library General Stacks   STO 1971 9559 02/10/2018 C - 1 Books

JCC Library | Contacts | JCC Home

Last Update on 23 September 2017
Copyright @ 2017-2020 JCC Rouf Library
Rouf Library, Jhenidah Cadet College (JCC), Bangladesh